000 00215nam a2200097Ia 4500
008 190216s9999||||xx |||||||||||||| ||und||
100 _aNull
245 0 _aHindi-Kohi Noor
260 _bA Pelican Original
942 _cBK
999 _c17773
_d17773